000 01100cam a2200361 4500
001 data
005 20260322212102.0
008 data
035 _a1258386
906 _a7
_bcbc
_corignew
_d3
_encip
_f19
_gy-gencatlg
010 _a 73501744
015 _aB71-11695
020 _a0632080906
020 _a9780632080908
035 _9(DLC) 73501744
040 _aDLC
_cDLC
_dDLC
050 1 0 _aRM300
_b.B84 1971
060 _aQV 4 B963L 1971
082 0 0 _a615
100 1 _aBurn, J. Harold
_q(Joshua Harold),
_d1892-1981.
245 1 0 _aLecture notes on pharmacology,
_cby J. H. Burn.
250 _a10th ed.;
_bwith a section on tropical diseases by L. G. Goodwin.
260 _aOxford,
_bBlackwell Scientific,
_c1971.
300 _avi, 158 p.;
_billus.
_c19 cm.
336 _atext
_btxt
_2rdacontent
337 _aunmediated
_bn
_2rdamedia
338 _avolume
_bnc
_2rdacarrier
650 0 _aPharmacology.
650 2 _aPharmacology.
700 1 _aGoodwin, L. G.
_q(Leonard George)
985 _fea27 6-11-86
999 _c1484
_d1484